| 000 | 00636nam a2200217Ia 4500 | ||
|---|---|---|---|
| 005 | 20250508164424.0 | ||
| 008 | 008 250505s9999 xx 000 0 eng d | ||
| 020 | _a81-89766-10-4 | ||
| 037 | _aTextual | ||
| 040 |
_aFEDL _beng _cFEDL |
||
| 041 |
_aeng _2eng |
||
| 084 |
_a910, KUM _qFEDL |
||
| 100 |
_aKumar Har Darshan _9335711 |
||
| 245 | 0 | _aGlobal climate change: Insights, impacts and concerns | |
| 260 |
_aNew Delhi, India _bVitasta Publishing Pvt. Ltd. _c2006 |
||
| 300 | _axv,487p. | ||
| 365 |
_aINR _b1995 |
||
| 650 |
_aGeography; Climate _9778090 |
||
| 942 |
_cTEXL _h910, KUM |
||
| 999 |
_c1389058 _d1389058 |
||